000 00820nas a2200277 4500
001 BR9900019
003 BR-BrBNA
005 20231205101148.0
007 ta
008 230509b bl.|||p| |||| 00| 00por d
040 _aBR-BrBNA
_bpor
_cBiblioteca Nacional de Agricultura
041 _a(En)
072 _aF50
100 1 _aPereira Netto, A.B. de
100 1 _aGabriele, A.C.
100 1 _aPinto, H.S.
245 1 _aAspects of leaf anatomy of tropical kudzu related to water and energy balance
650 _aKudzu
650 _aAnatomia Vegetal
650 _aFolha
650 _aBalanco Hidrico
650 _aEnergia
773 0 _tPesquisa Agropecuaria Brasileira (Brazil)
_xISSN 0100-204X
_g(Jul 1997), v. 32(7) p. 689-693
_wBR9900019
909 _a202311
_bLúcia
_c55
_dLúcia Elande
942 _2AGRIS
_n0
_cANA
999 _c160135
_d160135